What black Librarians are Saying. (Record no. 19143)
[ view plain ]
| 000 -LEADER | |
|---|---|
| fixed length control field | 00275nam a22001217a 4500 |
| 082 ## - DEWEY DECIMAL CLASSIFICATION NUMBER | |
| Classification number | 021 JOS |
| 100 ## - MAIN ENTRY--PERSONAL NAME | |
| Personal name | JOSEY, E |
| 245 ## - TITLE STATEMENT | |
| Title | What black Librarians are Saying. |
| 260 ## - PUBLICATION, DISTRIBUTION, ETC. | |
| Name of publisher, distributor, etc. | The Scarecrow Press |
| 300 ## - PHYSICAL DESCRIPTION | |
| Extent | vii,317p |
| Other physical details | ill.;21cm |
| 500 ## - GENERAL NOTE | |
| General note | include index |
| 942 ## - ADDED ENTRY ELEMENTS (KOHA) | |
| Koha item type | Books |
| Withdrawn status | Lost status | Damaged status | Not for loan | Home library | Current library | Shelving location | Date acquired | Total Checkouts | Full call number | Barcode | Date last seen | Price effective from | Koha item type |
|---|---|---|---|---|---|---|---|---|---|---|---|---|---|
| IFM Main Campus Library | IFM Main Campus Library | Archival Collection | 05/15/2015 | 021 JOS | 0000012608 | 10/13/2017 | 02/19/2022 | Books |
